Meclis özel (Record no. 11462)
[ view plain ]
| 000 -BAŞLIK | |
|---|---|
| Sabit Uzunlukta Kontrol Alanı | 01154na a2200349 4500 |
| 001 - KONTROL NUMARASI | |
| Denetim Alanı | 22160 |
| 003 - KONTROL NUMARASI IDENTIFIER | |
| Denetim Alanı | MIRAKIL |
| 005 - SON İŞLEM TARİHİ VE ZAMANI | |
| Denetim Alanı | 20181226092845.0 |
| 008 - SABİT-BOY VERİ ELEMANLARI - GENEL BİLGİLER | |
| Sabit Uzunlukta Kontrol Alanı | 170211b tu n0 0 0 |
| 022 ## - ULUSLARARASI STANDART SERİ NUMARASI | |
| Uluslararası Standart Süreli Yayın Numarası | 2147-8112 |
| 035 ## - SİSTEM KONTROL NUMARASI | |
| Sistem Kontrol Numarası | 20919 |
| 040 ## - KATALOGLAMA KAYNAK | |
| Orijinal Kataloglama Ajansı | Milas |
| Kataloglama Dili | tur |
| Metne Dönüştürmek Ajansı | TR-AnCHP |
| 041 ## - DİL KODU | |
| Metin / Ses Parça Veya Ayrı Başlığın Dil Kodu | tur |
| 090 ## - SINIFLAMA NUMARASI | |
| Sınıflama Numarası | 050 DER 101 |
| 222 ## - ANAHTAR ADI | |
| Anahtar Başlık | Meclis özel |
| 245 ## - BAŞLIK TABLOSU | |
| Başlık | Meclis özel |
| Başlığın Kalan | aylık ekonomi, siyasi, aktüel haber dergisi |
| Sorumluluk Tablosu, Vb | İmtiyaz sahibi ve sorumlu yazı işleri müdürü Özlem Tansal Güre |
| 246 ## - UNVAN FORM VARYING | |
| Başlık Doğru / Kısa Başlığı | Meclis özel dergisi |
| 260 ## - YAYIN, DAĞITIM, VB | |
| Yayın, Dağıtım, Vb Yeri | Ankara |
| Yayıncı, Dağıtıcı, Vs Adı | Meclis Özel |
| Yayın, Dağıtım, Vb Tarihi | 2012- |
| 300 ## - FİZİKSEL TANIM | |
| Kapsam | c. |
| Diğer Fiziksel Ayrıntıları | rnk. res. |
| Boyutlar | 30 sm. |
| 362 ## - YAYIN VE / VEYA SIRALI GÖREVLENDİRİLMESİNE TARİHLERİ | |
| Yayın Ve / Veya Ardışık Kullanım Amacı Tarihleri | yıl 2, sayı 2 (Kasım 2014)- |
| 500 ## - GENEL NOT | |
| Genel Not | Mevcut sayılar; (24) Kasım 2014; (31) Haziran 2015; (33) Ağustos 2015 |
| 500 ## - GENEL NOT | |
| Genel Not | Online olarak erişilebilir. |
| 500 ## - GENEL NOT | |
| Genel Not | Ekonomi, siyasi, aktüel, haber dergisidir |
| 650 ## - KONU KATMA GİRİŞ - TOPİKAL DÖNEM | |
| Topikal Süreli Veya Coğrafi Ad Giriş Elemanı | Ekonomi |
| Form Alt Bölümü | Süreli yayınlar |
| 650 ## - KONU KATMA GİRİŞ - TOPİKAL DÖNEM | |
| Topikal Süreli Veya Coğrafi Ad Giriş Elemanı | Siyaset |
| Form Alt Bölümü | Süreli yayınlar |
| 651 ## - KONU KATMA GİRİŞ - COĞRAFİ ADI | |
| Coğrafi İsim | Türkiye |
| Form Alt Bölümü | Süreli yayınlar |
| Genel Alt Bölümü | Siyaset ve yönetim |
| 910 ## - KULLANICI SEÇENEK, VERİLERİN (OCLC) | |
| Kullanıcı Seçenek Veri | DERGİ 101 |
| 942 ## - EKLENDİ GİRİŞ ELEMANLARI (KOHA) | |
| Sınıflandırma Veya Raf Düzeni Kaynak | Dewey Decimal Classification |
| Koha Öğesi Türü | Serials |
| 999 ## - SİSTEM KONTROL NUMARALARI (KOHA) | |
| Koha Biblionumber | 11462 |
| Koha Biblioitemnumber | 11462 |
| 310 ## - MEVCUT YAYIN FREKANSI | |
| Güncel Yayın Frekansı | Aylık |
| 655 ## - INDEX DÖNEM - TÜR / FORMU | |
| -- | Dergi |
| Kullanım Kısıtlamaları | Kalıcı Konum | Mevcut Konum | Edinme Tarihi | Kodlu Konum Eleme | Toplam Check-Out'Lar | Tam Çağrı Numarası | Barkod | Tarih Son Görülme | İtibaren Geçerli Fiyatlar | Sigara Kamu Notu | Koha Öğesi Türü |
|---|---|---|---|---|---|---|---|---|---|---|---|
| Kütüphane dışına çıkarılamaz | CHP Kütüphanesi | CHP Kütüphanesi | 02/11/2017 | SÜRELİ YAYINLAR | ATA 050 DER 66 | D101 | 02/11/2017 | 02/11/2017 | Serials |
